1719 1174 1664 1046 1710 1874 1564 1124 1769 1908 1570 1290 1200 1013 1520 1972 1145 1730 1860 1557 1633 1751 1304 1549 1389 1615 1553 1366 1296 1908 1131 1055 1024 1086 1561 1453 1074 1390 1078 1453 1395 1428 1973 1703 1173 1084 1490 1581 1926 1399 1311 1680 1056 1765 1008 1603 1284 1353 1825 1525 1667 1302 1750 1672 1551 1161 1923 1248 1911 1113 1231 1324 1748 1772 1733 1571 1907 1556 1757 1331 1298 1169 1332 1200 1431 1162 1030 1177 1163 1352 1246 1296 1797 1809 1080 1861 1632 1600 1448 BCNSPRNW ULIB Ver.6.0+V

เปลี่ยนเป็นภาษาไทย

Change to English
 แสดงรายละเอียดบรรณานุกรม
  กลับหน้าหลัก

Brief Record : Get Marc (ISO 2709) : E-mail record : QR code < ปิดหน้าต่าง
LEADER : 00000nam 2200000uu 4500
001    13399125851
003     ULIB
008    020711s2016 th a 000 0 eng d
020    ^a9780826120588
060    ^aWS350.6^bM-C
100    ^aMuscari, Mary E.
245    ^aChild behavioral and parenting challenges for advanced practice nurses/^bMuscari, Mary E.
260    ^aNew York :^bSpringer Publishing Company,^c2016
300    ^a322 pages;^c22 cm
650    ^aMental Disorders
650  0 ^aChild
650  0 ^aAdolescent
650  0 ^aParent-Child
945    ^p2099^l0^i003233
999    ^aประนอม เกษจรัล
รายการนี้ยังไม่มีแท็ก
คุณยังไม่ได้ล็อกอิน คุณสามารถมีกิจกรรมร่วมกับเว็บไซต์ได้ แต่ต้องล็อกอินก่อน ::
  ล็อกอิน

รายการสื่อสารสนเทศ

ลำดับที่ ประเภท เลขเรียก/บาร์โค้ด สถานที่ สถานะ
1. วิทยาศาสตร์การแพทย์ และสุขภาพ
หนังสือสำรอง
สถานะ=หนังสือสำรอง
WS350.6 M-C ฉ.1 
  Barcode: 003233
ห้องสมุดวิทยาเขตสวรรค์ประชารักษ์
►หนังสือทั่วไป
บนชั้น

รายการใกล้เคียง
    หัวเรื่อง [Mental Disorders]
    หัวเรื่อง [Child]
    หัวเรื่อง [Adolescent]
    หัวเรื่อง [Parent-Child]

BibComment


ยังไม่เคยถูกคอมเมนท์

คอมเมนท์ทรัพยากรรายการนี้
  คอมเมนท์: Child behavioral..


 Copyright 2026. Bcnsprnw @Library